| 000 | 00447nam a22001817a 4500 | ||
|---|---|---|---|
| 003 | MPLRDC | ||
| 005 | 20220104123423.0 | ||
| 008 | 210129b ||||| |||| 00| 0 eng d | ||
| 020 | _a7-81016-500-8 | ||
| 082 | _a951.1 CL | ||
| 100 | _a蔡林编著 | ||
| 245 |
_a流行傻瓜照相机指南 _c |
||
| 250 | _a一版二刷 | ||
| 260 |
_a _b电子科技大学出版社 _c1993 |
||
| 300 | _b平 | ||
| 650 | _a相机指南 | ||
| 942 |
_cBK _o951.1 CL |
||
| 999 |
_c11283 _d11273 |
||